Las políticas de seguridad y su impacto en la criminalidad en El Salvador /
Este discurso hace referencia a las políticas de seguridad pública en El Salvador y su impacto en el crimen y la inseguridad, realizando un análisis a partir de una investigación y reflexión sistemática realizada desde el Instituto de Opinión Pública de la UCA. Primeramente señala la situación de cr...
Kaydedildi:
| Yazar: | |
|---|---|
| Materyal Türü: | Metin |
| Konular: | |
| Etiketler: |
Etiketle
Etiket eklenmemiş, İlk siz ekleyin!
|
MARC
| LEADER | 00000 a a2200000 04500 | ||
|---|---|---|---|
| 001 | 46104 | ||
| 003 | |||
| 040 | |||
| 100 | |a Aguilar, Jeannette | ||
| 245 | |a Las políticas de seguridad y su impacto en la criminalidad en El Salvador / |c Jeannette Aguilar | ||
| 520 | |a Este discurso hace referencia a las políticas de seguridad pública en El Salvador y su impacto en el crimen y la inseguridad, realizando un análisis a partir de una investigación y reflexión sistemática realizada desde el Instituto de Opinión Pública de la UCA. Primeramente señala la situación de criminalidad e inseguridad que vive la población, para posteriormente realizar un análisis de las políticas y estrategias impulsadas en esta materia por el Estado salvadoreño, luego del fin de la guerra. Para concluir plantea brevemente algunos de los más importantes desafíos futuros que el Estado y el próximo Gobierno deberán enfrentar en materia de seguridad. | ||
| 590 | |a AMB/NOVIEMBRE2014 | ||
| 650 | |a A) ESTADO | ||
| 650 | |a B) GOBIERNO | ||
| 650 | |a C) SEGURIDAD CIUDADANA (CIDCACS) | ||
| 650 | |a D) POLITICA GUBERNAMENTAL | ||
| 650 | |a E) EL SALVADOR | ||
| 773 | |g volumen68, número735 ( , 2013), páginas 461-468 | ||
| 999 | |c 26769 |d 26769 | ||
